000 00688nam a22002417a 4500
005 20220719163621.0
008 220719b ||||| |||| 00| 0 eng d
040 _cAL
041 _aEnglish
082 _223
_a331.1973
_bCHAS
100 _aNeil W Chamberlain
_951457
245 _aSourcebook on Labor
260 _aNew York
_bMcGraw Hill Book Company
_c1964
300 _ax,382 p.
_bPB
_c20.2x13.5 cm.
650 _aUnited States
_951458
650 _aIndustrial relations
_951459
650 _aLabor
_951460
650 _aLabor supply
_951461
650 _aWorking class
_951462
700 _aCHAMBERLAIN (Neil W)
_951463
700 _aPERLMAN (Richard)
_951464
942 _2ddc
_cGF
999 _c223996
_d223996